[Event "Vlissingen HZ op 14th"]
[Site "Vlissingen"]
[Date "2010.08.08"]
[Round "3"]
[White "Bjornes, Leif"]
[Black "Gryson, Wouter"]
[Result "0-1"]
[WhiteElo "1977"]
[BlackElo "2223"]
[PlyCount "112"]
[EventDate "2010.08.07"]
[EventType "swiss"]
[EventRounds "9"]
[EventCountry "NED"]
[SourceTitle "CBM 137 Extra"]
[Source "ChessBase"]
[SourceDate "2010.09.01"]
[SourceVersion "1"]
[SourceVersionDate "2010.09.01"]
[SourceQuality "1"]

1. d4 g6 2. c4 Bg7 3. Nc3 d6 4. e4 Nf6 5. f3 0-0 6. Be3 c5 7. Nge2 Nc6 8. Qd2 Qa5 9. 0-0-0 a6 10. Kb1 e6 11. dxc5 dxc5 12. Nc1 Rd8 13. Qf2 Rxd1 14. Nxd1 Nd4 15. Nb3 Nxb3 16. axb3 Nd7 17. Qd2 Qc7 18. Nc3 b6 19. Be2 Bb7 20. Bf4 Be5 21. Bxe5 Nxe5 22. Rd1 Rc8 23. Qd6 Nc6 24. Qxc7 Rxc7 25. Rd2 Nd4 26. Bd1 e5 27. Bc2 Kf8 28. Kc1 Bc6 29. Nd5 Bxd5 30. exd5 Ke7 31. Rd1 f5 32. Kd2 Kf6 33. Re1 a5 34. Bd1 Rc8 35. Kd3 h5 36. Ke3 Re8 37. Kd3 h4 38. h3 Kg5 39. Ke3 Rb8 40. Kf2 Kf4 41. Re3 Rf8 42. Rc3 g5 43. Re3 e4 44. fxe4 fxe4 45. Bg4 Nc2 46. Rc3 e3+ 47. Ke2 Nd4+ 48. Ke1 Rf6 49. Kd1 Ke4 50. Ke1 Rd6 51. Kf1 Rh6 52. Ke1 Rf6 53. Bc8 e2 54. Kd2 Rf1 55. Re3+ Kf4 56. Bg4 Rd1+ 0-1

[Event "BEL-ch"]
[Site "Ghent"]
[Date "2010.05.16"]
[Round "7"]
[White "Atanasiu, Nicolae"]
[Black "Gryson, Wouter"]
[Result "0-1"]
[WhiteElo "2025"]
[BlackElo "2211"]
[PlyCount "42"]
[EventDate "2010.05.13"]
[EventType "swiss"]
[EventRounds "7"]
[EventCountry "BEL"]
[SourceTitle "CBM 136 Extra"]
[Source "ChessBase"]
[SourceDate "2010.07.02"]
[SourceVersion "2"]
[SourceVersionDate "2010.07.15"]
[SourceQuality "1"]

1. e4 g6 2. Nc3 Bg7 3. f4 d6 4. Nf3 Nf6 5. e5 dxe5 6. fxe5 Nd5 7. Bc4 Nb6 8. d4 Nxc4 9. Qe2 Nb6 10. Bg5 Bg4 11. 0-0-0 Nc6 12. Qe4 Bxf3 13. gxf3 Qd7 14. f4 Qf5 15. Qe3 0-0-0 16. d5 Nb4 17. Rd2 f6 18. exf6 exf6 19. Bh4 N4xd5 20. Nxd5 Rxd5 21. Rxd5 Nxd5 0-1

[Event "BEL-ch"]
[Site "Ghent"]
[Date "2010.05.13"]
[Round "1"]
[White "Roos, David"]
[Black "Gryson, Wouter"]
[Result "0-1"]
[WhiteElo "1971"]
[BlackElo "2211"]
[PlyCount "68"]
[EventDate "2010.05.13"]
[EventType "swiss"]
[EventRounds "7"]
[EventCountry "BEL"]
[SourceTitle "CBM 136 Extra"]
[Source "ChessBase"]
[SourceDate "2010.07.02"]
[SourceVersion "2"]
[SourceVersionDate "2010.07.15"]
[SourceQuality "1"]

1. e4 g6 2. d4 Bg7 3. Nc3 d6 4. f4 a6 5. Nf3 Nd7 6. Be3 b5 7. e5 Bb7 8. Bd3 Nh6 9. Be4 c6 10. Ng5 Nf8 11. Qe2 d5 12. Bd3 Qd7 13. h3 f6 14. Nf3 Ne6 15. Nd1 0-0 16. 0-0 fxe5 17. fxe5 Nf5 18. Kh2 c5 19. c3 Rac8 20. a4 bxa4 21. Bxa6 Bxa6 22. Qxa6 cxd4 23. cxd4 Nfxd4 24. Bxd4 Nxd4 25. Rxa4 Nxf3+ 26. gxf3 Bxe5+ 27. f4 Rc2+ 28. Kg3 Bd6 29. Nc3 Rxb2 30. Qd3 e6 31. Qd4 Rb3 32. Kg2 Rxc3 33. Ra7 Rc2+ 34. Kh1 Rc7 0-1

[Event "Wch U20"]
[Site "Puerto Madryn"]
[Date "2009.10.30"]
[Round "9"]
[White "Gryson, Wouter"]
[Black "Dole, Anant"]
[Result "1-0"]
[WhiteElo "2145"]
[BlackElo "2068"]
[PlyCount "91"]
[EventDate "2009.10.22"]
[EventType "swiss"]
[EventRounds "13"]
[EventCountry "ARG"]
[SourceTitle "EXT 2010"]
[Source "ChessBase"]
[SourceDate "2010.11.25"]
[SourceVersion "1"]
[SourceVersionDate "2010.11.25"]
[SourceQuality "1"]

1. d4 d5 2. c4 e6 3. Nc3 c6 4. Nf3 dxc4 5. e4 b5 6. Be2 Bb4 7. 0-0 Bb7 8. Bg5 Qb6 9. e5 Nd7 10. Ne4 f6 11. Be3 Qd8 12. b3 c3 13. Qd3 fxe5 14. Nfg5 Qe7 15. a3 Ba5 16. Bg4 Ngf6 17. Bxe6 Nxe4 18. Qxe4 0-0-0 19. Qxe5 Bc7 20. Qc5 Qf6 21. Bh3 Kb8 22. Qxc3 Rhe8 23. Nf3 h6 24. Qc2 g5 25. Qf5 Qg7 26. Rfc1 Nf6 27. Ne5 Rd5 28. Rc5 Rxc5 29. Qxf6 Bxe5 30. dxe5 Qxf6 31. exf6 Rd5 32. b4 Rf8 33. Be6 Re5 34. Bb3 Rxe3 35. fxe3 Rxf6 36. e4 Kc7 37. e5 Rf8 38. Rf1 Rxf1+ 39. Kxf1 Kd7 40. Kf2 Ke7 41. g3 Bc8 42. Ke3 Bf5 43. Bd1 Ke6 44. Kd4 g4 45. Be2 h5 46. Bf1 1-0

[Event "Wch U20"]
[Site "Puerto Madryn"]
[Date "2009.10.25"]
[Round "5"]
[White "Gryson, Wouter"]
[Black "Macias Murillo, Bryan"]
[Result "1-0"]
[WhiteElo "2145"]
[BlackElo "2363"]
[PlyCount "85"]
[EventDate "2009.10.22"]
[EventType "swiss"]
[EventRounds "13"]
[EventCountry "ARG"]
[SourceTitle "EXT 2010"]
[Source "ChessBase"]
[SourceDate "2010.11.25"]
[SourceVersion "1"]
[SourceVersionDate "2010.11.25"]
[SourceQuality "1"]

1. d4 Nf6 2. Nf3 e6 3. e3 c5 4. Bd3 cxd4 5. exd4 Be7 6. 0-0 0-0 7. b3 b6 8. Bb2 Bb7 9. Qe2 Qc7 10. c4 d5 11. Nbd2 Nc6 12. Rac1 Qf4 13. g3 Qh6 14. Bb1 Rfd8 15. Rfe1 dxc4 16. bxc4 Bb4 17. Red1 Rac8 18. Nf1 Na5 19. Ne5 Qh3 20. Ne3 Bf8 21. d5 Bc5 22. N3g4 Nxg4 23. Nxg4 exd5 24. Bf5 Re8 25. Be5 Kf8 26. cxd5 f6 27. Qf3 Qh5 28. Rxc5 Rxc5 29. Bd6+ Re7 30. Re1 Rcc7 31. Rxe7 Rxe7 32. Bxe7+ Kxe7 33. Qe4+ Kf8 34. Qb4+ Ke8 35. Qe4+ Kf8 36. Ne3 Qe8 37. Be6 g6 38. Qf4 Kg7 39. Ng4 Qd8 40. h4 Ba6 41. h5 g5 42. h6+ Kf8 43. Qf5 1-0

[Event "Ghent Taminco op 32nd"]
[Site "Ghent"]
[Date "2009.07.22"]
[Round "9"]
[White "Willemsma, Abe"]
[Black "Gryson, Wouter"]
[Result "1-0"]
[WhiteElo "2073"]
[BlackElo "2145"]
[PlyCount "95"]
[EventDate "2009.07.18"]
[EventType "swiss"]
[EventRounds "9"]
[EventCountry "BEL"]
[SourceTitle "CBM 131 Extra"]
[Source "ChessBase"]
[SourceDate "2009.09.03"]
[SourceVersion "2"]
[SourceVersionDate "2009.09.16"]
[SourceQuality "1"]

1. e4 g6 2. d4 Bg7 3. Nc3 d6 4. Be3 a6 5. a4 Nf6 6. Be2 0-0 7. Qd2 Nc6 8. d5 Nb4 9. a5 c5 10. dxc6 Nxc6 11. Bb6 Qe8 12. Nf3 Bg4 13. 0-0 Rc8 14. h3 Bxf3 15. Bxf3 Nd7 16. Be3 Qd8 17. Nd5 Nc5 18. Nb6 Rb8 19. Ra2 Ne5 20. b4 Nxf3+ 21. gxf3 Nd7 22. c4 Nxb6 23. Bxb6 Qc8 24. Kh2 Qxc4 25. Rc1 Qe6 26. Rac2 Qf6 27. Kg2 Qh4 28. Be3 Qh5 29. Rc7 Rfe8 30. R1c2 Qb5 31. Ba7 Ra8 32. Bb6 Qh5 33. Rxb7 Bh6 34. Be3 Bxe3 35. Qxe3 Qe5 36. f4 Qe6 37. Rcc7 Rac8 38. b5 Rxc7 39. Rxc7 axb5 40. a6 d5 41. a7 Qd6 42. Rb7 Ra8 43. exd5 Qxd5+ 44. Qf3 Qxf3+ 45. Kxf3 Kg7 46. Ke4 b4 47. Kd4 Kh6 48. Rxe7 1-0

[Event "Ghent Taminco op 32nd"]
[Site "Ghent"]
[Date "2009.07.21"]
[Round "7"]
[White "Docx, Stefan"]
[Black "Gryson, Wouter"]
[Result "1-0"]
[WhiteElo "2384"]
[BlackElo "2145"]
[PlyCount "57"]
[EventDate "2009.07.18"]
[EventType "swiss"]
[EventRounds "9"]
[EventCountry "BEL"]
[SourceTitle "CBM 131 Extra"]
[Source "ChessBase"]
[SourceDate "2009.09.03"]
[SourceVersion "2"]
[SourceVersionDate "2009.09.16"]
[SourceQuality "1"]

1. e4 g6 2. d4 Bg7 3. Nc3 d6 4. Bg5 a6 5. f4 b5 6. Nf3 Nd7 7. Bd3 c5 8. e5 cxd4 9. Ne4 Qa5+ 10. Kf2 dxe5 11. fxe5 Nh6 12. Re1 0-0 13. Bxe7 Re8 14. Nf6+ Nxf6 15. exf6 Ng4+ 16. Kg1 Bh6 17. Be4 Ra7 18. h3 Ne3 19. Qxd4 Rd7 20. Qc5 Rc7 21. b4 Rxc5 22. bxa5 Rxc2 23. Ne5 Be6 24. Bc6 Rc8 25. Bb7 R8c7 26. Bf3 Nf5 27. Ng4 Bxa2 28. Be4 Rc1 29. h4 1-0

[Event "Ghent Taminco op 32nd"]
[Site "Ghent"]
[Date "2009.07.20"]
[Round "6"]
[White "Lee, Graham D"]
[Black "Gryson, Wouter"]
[Result "1/2-1/2"]
[WhiteElo "2264"]
[BlackElo "2145"]
[PlyCount "142"]
[EventDate "2009.07.18"]
[EventType "swiss"]
[EventRounds "9"]
[EventCountry "BEL"]
[SourceTitle "CBM 131 Extra"]
[Source "ChessBase"]
[SourceDate "2009.09.03"]
[SourceVersion "2"]
[SourceVersionDate "2009.09.16"]
[SourceQuality "1"]

1. e4 g6 2. Bc4 Bg7 3. Qf3 e6 4. d4 Bxd4 5. Ne2 Bg7 6. Nbc3 Nc6 7. Bf4 a6 8. 0-0-0 b5 9. Bb3 Bb7 10. h4 h5 11. g4 Na5 12. gxh5 Nxb3+ 13. axb3 Rxh5 14. Ng3 Rh8 15. h5 g5 16. Be3 Nh6 17. Nge2 Qe7 18. Qg3 0-0-0 19. Bxg5 f6 20. Bf4 d6 21. Rdg1 Rdg8 22. Qe3 Qf7 23. Rg6 Nf5 24. exf5 Bxh1 25. fxe6 Qe8 26. Ng3 Rxh5 27. Rxg7 Rxg7 28. Nxh5 Qxh5 29. e7 Bc6 30. Qe6+ Kb7 31. Qxf6 Rg1+ 32. Kd2 b4 33. Ne2 Qd5+ 34. Qd4 Qxd4+ 35. Nxd4 Bd7 36. Ne6 Rg8 37. Nf8 Kc6 38. Bh6 Be8 39. f4 Kd5 40. Bg5 Rh8 41. c4+ bxc3+ 42. bxc3 Rh2+ 43. Kd3 Rh3+ 44. Kc2 Bf7 45. Kb2 Kc6 46. c4 Re3 47. Kc2 a5 48. f5 Rg3 49. Bd2 Rf3 50. Ne6 Kd7 51. Nd4 Rf2 52. Kd3 Kxe7 53. Bxa5 c5 54. Nb5 Rxf5 55. Bc7 d5 56. Bb6 Kd7 57. Nc3 Kc6 58. Na4 dxc4+ 59. bxc4 Bxc4+ 60. Kxc4 Rf4+ 61. Kb3 Rb4+ 62. Ka3 Rxa4+ 63. Kxa4 Kxb6 64. Kb3 Kb5 65. Kc3 c4 66. Kc2 Kb4 67. Kb2 c3+ 68. Kc2 Kc4 69. Kc1 Kd3 70. Kd1 c2+ 71. Kc1 Kc3 1/2-1/2